| 000 | nam a22 a 4500 | ||
|---|---|---|---|
| 999 |
_c150831 _d150831 |
||
| 003 | BLK | ||
| 005 | 20220919084920.0 | ||
| 008 | 180410b bul|||||r ||||||| ||bul|| | ||
| 010 | _aKNG00157173000 | ||
| 040 | _aBLK | ||
| 041 |
_aBUL _cBUL |
||
| 080 |
_aАмериканска литература (на САЩ) _b821.111(73) _x-32 _z821.111(73)-32 |
||
| 100 | 1 |
_aБредбъри, Рей Дъглас _eпърви автор _9364486 |
|
| 139 |
_aБредбъри, Рей _bБ 80 |
||
| 245 | 1 | 0 |
_aЗдравей и сбогом _bРазкази _cРей Дъглас Бредбъри; подб. и прев. от англ. Нели Кирилова Константинова; с послесл. от Венко Христов. |
| 257 | _aUSA | ||
| 260 |
_bХристо Г. Данов _c1974 _aПловдив |
||
| 300 |
_a222 с. _c20 см |
||
| 380 | _aX | ||
| 500 | _aПодборът е направен от Sis for space ; I Sing body electric! ; Ris for rocket ; The illustrated man. - 35 300 тир. - 10 300 екз. от тир. подв. | ||
| 700 | 1 |
_aКонстантинова, Нели Кирилова _eподб. и прев. от англ. _9380595 |
|
| 700 | 1 |
_aХристов, Венко _eс послесл. от _9367508 |
|
| 852 |
_aЦб 74134 _bЦб |
||
| 856 | 4 | _qpdf | |
| 856 | 4 | _qpdf | |
| 942 |
_cKNG _n0 _s1 |
||
| 944 |
_aCR _c25.02.2014 _l25.02.2014 - от С1,Р / 25.02.2014 _kПравда_Бадева |
||
| 944 |
_aED _c25.02.2014 _l25.02.2014 - от С1,Р / 25.02.2014 |
||
| 944 |
_aED _c2022-09-19 _l2022-09-19 |
||
| 999 | _d150831 | ||